[Event "Khanty-Mansiysk Governor Cup 16th"]
[Site "Khanty-Mansiysk"]
[Date "2020.12.07"]
[Round "8"]
[White "Zolnikova, Mariya"]
[Black "Voloshenyuk, Gleb"]
[Result "1/2-1/2"]
[WhiteElo "1267"]
[BlackElo "1232"]
[PlyCount "93"]
[EventDate "2020.11.30"]
[EventType "swiss"]
[EventRounds "9"]
[EventCountry "RUS"]
[SourceTitle "CBM 199 Extra"]
[Source "ChessBase"]
[SourceDate "2021.01.31"]
[SourceVersion "1"]
[SourceVersionDate "2021.01.31"]
[SourceQuality "1"]

1. e4 c6 2. Nf3 d5 3. exd5 cxd5 4. d4 a6 5. Nc3 Nc6 6. Bf4 Bg4 7. Be2 e6 8. a3 Nf6 9. h3 Bh5 10. Nh2 Bxe2 11. Nxe2 Be7 12. f3 Nh5 13. Qd2 0-0 14. 0-0-0 Nxf4 15. Nxf4 Bg5 16. g3 Qc7 17. h4 Bxf4 18. Qxf4 Rfc8 19. Qxc7 Rxc7 20. g4 Rac8 21. Rd2 Na5 22. Kb1 b5 23. f4 Nb7 24. b4 Nd6 25. Re2 Rc4 26. Nf3 Ne4 27. Rg2 Rc3 28. Ne5 Rxa3 29. Kb2 Rg3 30. Rxg3 Nxg3 31. Ra1 Ra8 32. c3 Ne4 33. Nd3 Kf8 34. Nc5 Nxc5 35. dxc5 Ke7 36. Kc2 Kd7 37. Kd3 Kc6 38. Kd4 f6 39. Ra2 g6 40. g5 fxg5 41. hxg5 Kb7 42. Ke5 Re8 43. Ra1 Ra8 44. Ra2 Kc6 45. Kd4 Ra7 46. Ra1 Ra8 47. Ra2 1/2-1/2

[Event "Khanty-Mansiysk Governor Cup 16th"]
[Site "Khanty-Mansiysk"]
[Date "2020.12.03"]
[Round "4"]
[White "Palyan, Mariam"]
[Black "Zolnikova, Mariya"]
[Result "1-0"]
[WhiteElo "1321"]
[BlackElo "1267"]
[PlyCount "119"]
[EventDate "2020.11.30"]
[EventType "swiss"]
[EventRounds "9"]
[EventCountry "RUS"]
[SourceTitle "CBM 199 Extra"]
[Source "ChessBase"]
[SourceDate "2021.01.31"]
[SourceVersion "1"]
[SourceVersionDate "2021.01.31"]
[SourceQuality "1"]

1. d4 d5 2. c4 c6 3. a4 Bf5 4. Nc3 Nf6 5. f3 Nbd7 6. e4 dxe4 7. Bf4 e6 8. c5 Be7 9. a5 0-0 10. Bc4 Nd5 11. Bxd5 exd5 12. fxe4 Bxe4 13. Nf3 Bxf3 14. Qxf3 Bh4+ 15. Bg3 Re8+ 16. Ne2 Bxg3+ 17. Qxg3 Qe7 18. Qf2 Qf6 19. 0-0 Qxf2+ 20. Rxf2 Re3 21. Raf1 Nf6 22. Ng3 Rf8 23. Nf5 Re6 24. b4 a6 25. Nd6 Re7 26. Rf3 h6 27. Nf5 Re6 28. Rg3 Nh5 29. Rh3 Nf6 30. Rff3 Kh7 31. Rfg3 Rg8 32. Re3 Rxe3 33. Rxe3 Ne4 34. g4 g6 35. Nd6 Nxd6 36. cxd6 Rb8 37. Re7 Kg7 38. Rc7 Rd8 39. d7 Kf6 40. Rxb7 Ke7 41. Rb6 Kxd7 42. Rxa6 Kd6 43. Ra7 Ke6 44. a6 Rb8 45. Rb7 Ra8 46. a7 Kf6 47. Kf2 h5 48. gxh5 gxh5 49. h4 Ke6 50. Ke3 f6 51. Kf4 Kd6 52. Kf5 c5 53. bxc5+ Kc6 54. Rb6+ Kc7 55. Ra6 Kb7 56. Ra1 Rxa7 57. Rxa7+ Kxa7 58. Kxf6 Kb7 59. Kg5 Kc6 60. Kxh5 1-0

[Event "Khanty-Mansiysk Governor Cup 16th"]
[Site "Khanty-Mansiysk"]
[Date "2020.12.01"]
[Round "2"]
[White "Rezvyi, Dmitri"]
[Black "Zolnikova, Mariya"]
[Result "1-0"]
[WhiteElo "1626"]
[BlackElo "1267"]
[PlyCount "105"]
[EventDate "2020.11.30"]
[EventType "swiss"]
[EventRounds "9"]
[EventCountry "RUS"]
[SourceTitle "CBM 199 Extra"]
[Source "ChessBase"]
[SourceDate "2021.01.31"]
[SourceVersion "1"]
[SourceVersionDate "2021.01.31"]
[SourceQuality "1"]

1. e4 e5 2. Nf3 Nc6 3. Nc3 Nf6 4. Be2 Bc5 5. Nxe5 Bxf2+ 6. Kxf2 Nxe5 7. Rf1 0-0 8. d4 Nc6 9. Kg1 h6 10. a3 d5 11. e5 Nh7 12. Bd3 f5 13. Be3 Be6 14. Ne2 Ng5 15. Nf4 Qe8 16. h4 Ne4 17. Bxe4 fxe4 18. c4 Rd8 19. cxd5 Bxd5 20. Qg4 Ne7 21. Nh5 Qg6 22. Qe2 Nf5 23. Nf4 Qg3 24. Nxd5 Rxd5 25. Bf2 Qg6 26. Qxe4 c6 27. Rfe1 Qe6 28. g4 Ne7 29. Be3 Ng6 30. h5 Nh4 31. Rf1 Rdd8 32. Rf2 Rde8 33. Raf1 Qc4 34. g5 hxg5 35. Bxg5 Rxf2 36. Rxf2 Rf8 37. Rxf8+ Kxf8 38. Qxh4 Qc2 39. Qf2+ Qxf2+ 40. Kxf2 Kf7 41. Ke3 Ke6 42. Ke4 a5 43. b4 axb4 44. axb4 b5 45. Bh4 Kd7 46. d5 cxd5+ 47. Kxd5 Ke8 48. Ke6 Kf8 49. Kd7 g6 50. hxg6 Kg7 51. e6 Kxg6 52. e7 Kh6 53. e8Q 1-0